000 00830nam a2200253Ia 4500
003 OSt
005 20220923212432.0
006 a|||||r|||| 00| 0
007 ta
008 220922b |||||||| |||| 00| 0 hin d
024 _a152,929
037 _cTextual
040 _aARTS
_cARTS
_bhin
041 _2hin
_ahin
082 _aO142,3:g, 152L7
100 _aगोर्की, मक्सिम
245 0 _aलेखन कला और रचना कौशल
246 _aLekhan kalā aur rachanā kaushala
260 _aमास्को
_b प्रगति प्रकाशन
_c1977
300 _a350 पृ.
_ccm.
650 _aहिन्दी साहित्य
_9156264
942 _hO142,3:g, 152L7
_cTEXL
_2CC
999 _c308577
_d308577